The response of immature Hevea brasiliensis to fertilisers in Malaya 1. Experiments on shale-derived soils (Record no. 70964)

MARC details
000 -LEADER
fixed length control field 00492nam a2200157Ia 4500
100 ## - MAIN ENTRY--AUTHOR NAME
Personal name Bolton J
245 #4 - TITLE STATEMENT
Title The response of immature Hevea brasiliensis to fertilisers in Malaya 1. Experiments on shale-derived soils
260 ## - PUBLICATION, DISTRIBUTION, ETC. (IMPRINT)
Name of publisher Journal of the Rubber Research Institute of Malaya
Year of publication 1964
300 ## - PHYSICAL DESCRIPTION
Number of Pages 67-79
650 ## - SUBJECT ADDED ENTRY--TOPICAL TERM
Topical Term Fertilisers
650 ## - SUBJECT ADDED ENTRY--TOPICAL TERM
Topical Term Hevea brasiliensis
650 ## - SUBJECT ADDED ENTRY--TOPICAL TERM
Topical Term Malaya
650 ## - SUBJECT ADDED ENTRY--TOPICAL TERM
Topical Term Shale-derived soils
942 ## - ADDED ENTRY ELEMENTS (KOHA)
Koha item type Journals
Holdings
Withdrawn status Lost status Damaged status Not for loan Home library Current library Shelving location Date acquired Serial Enumeration / chronology Koha item type
      Journals RRII Library RRII Library Soils and agonomy 17/12/2021 Volume 18, Issue 2 Journals